Statistics for One Direction

Click here to take the quiz!

General Stats

  • This quiz has been taken 3,560 times
  • The average score is 7 of 15

Answer Stats

HintAnswer% Correct
Liam ____ Payne | Niall ___ HoranJames
96%
Harry ____ StylesEdward
90%
Louis likes girls who like ____carrots
83%
Louis' pigeonKevin
81%
Who came up with the band name?Harry
81%
Louis ____ TomlinsonWilliam
71%
Louis' favorite patternstripes
50%
Zayn ____ MalikJawaad
35%
Louis' favorite bandthe fray
27%
Harry's obsessioncats
26%
Liam's favorite singerJustin Timberlake
4%
Niall's good luck charma pair of white socks
2%
One of Liam's favorite peoplethe cookie man
1%
Harry's favorite song"Free Falling" by John Mayer
1%

Score Distribution

Percentile by Number Answered

Percent of People with Each Score

Your Score History

You have not taken this quiz